000 00346nam a2200145 a 4500
005 20140412111423.0
008 070724s19uu xx 00 eng d
020 _a1-59394-287-7
050 _aER
_bKi65 2004
245 _aKittens.
260 _aChina :
_bBendon Pub,
_c2004.
440 _aA moving eye book
650 _aCats
999 _c106144
_d106144